سيكولوجية ذوي العاهات والمرضى : (رقم التسجيلة. 3856)

تفاصيل مارك
000 -الفاتح
عناصر البيانات ثابتة الطول 00722cam a2200181 i 4500
005 - تاريخ ووقت آخر معاملة
حقل ضبط 20251110103237.0
008 - عناصر البيانات ثابتة الطول
عناصر البيانات ثابتة الطول 250721s1979 su gr 000 0 ara d
082 14 - رقم تصنيف ديوي العشري
رقم التصنيف 155.91
رقم المادة م خ ت
100 1# - مدخل رئيسي – اسم شخصي
الاسم الشخصي حمزة، مختار
علاقة الشخص بالعمل/ دوره مؤلف.
245 10 - بيان العنوان
العنوان سيكولوجية ذوي العاهات والمرضى :
بقية العنوان الأمراض الجسمية و النفسية والجسمية النفسية والامراض العقلية /
بيان المسؤولية تأليف الدكتور مختار حمزة.
250 ## - بيان الطبعة
بيان الطبعة الطبعة الرابعة.
264 31 - بيانات النشر، التوزيع…إلخ
مكان النشر، التوزيع...إلخ جده :
اسم الناشر، الموزع...إلخ دار المجمع العلمي،
تاريخ النشر، التوزيع...إلخ 1979.
300 ## - الوصف المادي
عدد الوحدات المكونة للوعاء 380 صفحة.
650 17 - مدخل إضافي بالموضوع - مصطلح موضوعي
مصطلح موضوعي أو اسم جغرافي كعنصر مدخل المرضى.
650 17 - مدخل إضافي بالموضوع - مصطلح موضوعي
مصطلح موضوعي أو اسم جغرافي كعنصر مدخل علم النفس.
942 ## - بيانات إضافية (كوها)
نوع التنصيف Dewey Decimal Classification
نوع المادة (كوها) كتب
المقتنيات
حالة السحب حالة الفقدان مصدر التصنيف حالة التلف غير قابل للإعارة المكتبة الرئيسية المكتبة الحالية موقع الرف تاريخ التزويد الرقم المتسلسل Total Checkouts رقم الإستدعاء الباركود تاريخ آخر ظهور تاريخ الفاتورة نوع المادة (كوها)
    Dewey Decimal Classification     المكتبة المركزية المكتبة المركزية الإعارة 06/07/2004 259950   155.91 / م خ ت 259950 28/07/2025 06/07/2004 كتب
    Dewey Decimal Classification     مكتبة صويلح العامة مكتبة صويلح العامة الإعارة 01/07/2015 003236   155.91/مخت PLD00335229 28/07/2025 01/07/2015 كتب
Implemented & Customized by: BBB with SCIT (Smart Chains for Information Technology)

Powered by Koha